000
00213 a2200097 4500
001
7555
100
_a
Howard, A V
245
_a
Chamber's Dictionary of Scientists
260
_a
_b
Chambers
_c
090
_c
6051
_d
6051
942
_a
NUST-CAE
_c
M
_c
32547
999
_c
242628
_d
242628